[Event "Shenzhen"]
[Site "Shenzhen"]
[Date "1992.??.??"]
[Round "10"]
[White "Torre, Eugenio"]
[Black "Adorjan, Andras"]
[Result "1/2-1/2"]
[WhiteElo "2555"]
[BlackElo "2550"]
[Annotator "Blatny,P"]
[PlyCount "59"]
[EventDate "1992.??.??"]
[EventType "tourn"]
[EventRounds "11"]
[EventCountry "CHN"]
[EventCategory "11"]
[Source "ChessBase"]
[SourceDate "1992.12.01"]
[WhiteTeamCountry "GER"]
[BlackTeamCountry "GER"]

1. e4 c6 2. d4 d5 3. exd5 cxd5 4. Bd3 Nc6 5. c3 Nf6 (5... g6 {
--> Eingorn-Dziuban, Kudriashov-Dziuban, Azov 1991}) 6. Bf4 (6. Nf3 {
--> Barua-Rongguang, Calcutta 1991}) 6... Bg4 7. Qb3 Qd7 8. Nd2 e6 9. Ngf3 {
><e5} Bxf3 10. Nxf3 {^^} Bd6 11. Bxd6 Qxd6 12. O-O (12. Qxb7 Rb8 13. Qa6 O-O $1
$44 (13... Rxb2 $2 14. Bb5 $18)) 12... O-O 13. Rae1 (13. Qxb7 Rab8 14. Qa6 Rb6
15. Qa4 Rxb2 $10) 13... Rab8 $1 14. Ne5 b5 15. a3 (15. Bb1 b4 16. Qc2 g6 $15)
15... a5 16. Bxb5 (16. Bb1 b4 17. Qc2 g6 18. f4 bxc3 19. bxc3 Ne4 $15) 16...
Ne4 (16... Na7 17. a4 Rb6 18. c4 $1 $16) 17. Nxc6 Qxc6 18. a4 (18. Bxc6 $2 Rxb3
19. Re2 Rfb8 20. f3 $8 Nd6 {/\Nc4-/+ _|_}) 18... Nd6 19. Re2 (19. Bxc6 Rxb3 20.
Rb1 Rfb8 $17 {><Pb2}) 19... Nxb5 20. axb5 Rxb5 21. Qa4 (21. Qa3 Qb6) 21... Qb7
22. Ra1 Rxb2 (22... g6 23. Ra2 $10) 23. Rxb2 Qxb2 24. Qxa5 Rb8 {/\Qb1 ><<->1}
25. h4 h6 26. Qa3 $10 Qxa3 27. Rxa3 g6 28. g3 Kg7 29. Kg2 h5 30. Kf3 1/2-1/2

[Event "Shenzhen"]
[Site "Shenzhen"]
[Date "1992.??.??"]
[Round "11"]
[White "Adorjan, Andras"]
[Black "Petrosian, Arshak"]
[Result "1/2-1/2"]
[WhiteElo "2550"]
[BlackElo "2460"]
[Annotator "Ribli"]
[PlyCount "53"]
[EventDate "1992.??.??"]
[EventType "tourn"]
[EventRounds "11"]
[EventCountry "CHN"]
[EventCategory "11"]
[Source "ChessBase"]
[SourceDate "1992.12.01"]
[WhiteTeamCountry "GER"]
[BlackTeamCountry "GER"]

1. c4 e6 2. Nc3 Nf6 3. e4 d5 4. e5 d4 5. exf6 dxc3 6. bxc3 Qxf6 7. d4 e5 8. Nf3
exd4 9. Bg5 Qe6+ 10. Be2 Be7 11. cxd4 Bxg5 12. Nxg5 Qe7 13. Qd2 O-O (13... Nc6
14. d5 Nd4 15. Qxd4 Qxg5 16. O-O O-O 17. Bf3 a5 18. Rfe1 $14 {
Gulko,B-Pliester,L  Aruba 1992  CBM/30}) 14. O-O Nd7 (14... h6 15. Nf3 Bg4 16.
Rab1 $1 c6 17. Rfe1 Qc7 18. h3 Bf5 19. Rbd1 Nd7 20. d5 $14 {
Soffer,R-Nagetz,F  Bad Lauterberg 1991  CBM/27}) 15. Rfe1 h6 $1 (15... Nf6 16.
Bd3 Qd6 17. c5 $14 {Christiansen,L-Lein  Philadelphia 1990  49/19}) 16. Nf3 c5
17. Rad1 (17. Bd3 Qd6 18. d5 Nf6 19. h3 Bd7 $10) 17... Nf6 18. d5 Qd6 19. Qb2
Re8 20. h3 Bd7 21. Bd3 Rxe1+ 22. Rxe1 Rb8 23. Ne5 Be8 24. Qe2 a6 25. Qe3 Kf8
26. Qf4 Rd8 27. Qf5 1/2-1/2

[Event "Zalakaros op rap"]
[Site "Zalakaros"]
[Date "1992.??.??"]
[Round "2"]
[White "Madl, Ildiko"]
[Black "Adorjan, Andras"]
[Result "0-1"]
[WhiteElo "2410"]
[BlackElo "2550"]
[PlyCount "70"]
[EventDate "1992.??.??"]
[EventType "swiss"]
[EventRounds "7"]
[EventCountry "HUN"]
[Source "ChessBase"]
[SourceDate "1996.11.15"]
[WhiteTeamCountry "GER"]
[BlackTeamCountry "GER"]

1. e4 c6 2. d4 d5 3. Nd2 dxe4 4. Nxe4 Nd7 5. Bc4 Ngf6 6. Ng5 e6 7. Qe2 Nb6 8.
Bd3 h6 9. N5f3 c5 10. dxc5 Bxc5 11. Ne5 O-O 12. Ngf3 Nbd7 13. O-O b6 14. Nxd7
Qxd7 15. Bf4 Bb7 16. Rfd1 Qe7 17. a3 Rfd8 18. h3 Rac8 19. Rd2 Bd6 20. Bxd6 Rxd6
21. Rad1 Rcd8 22. Qe3 Qc7 23. Qf4 Bxf3 24. gxf3 Kf8 25. Re1 Qe7 26. Rde2 Rd4
27. Be4 Nh5 28. Qg4 g6 29. Kh1 Qf6 30. c3 Rd2 31. Bc6 Nf4 32. Re4 Nd3 33. Kg1
Nxf2 34. Qh4 Qg5+ 35. Qxg5 Nxh3+ 0-1

[Event "Zalakaros op rap"]
[Site "Zalakaros"]
[Date "1992.??.??"]
[Round "4"]
[White "Purtov, Andrei"]
[Black "Adorjan, Andras"]
[Result "0-1"]
[WhiteElo "2440"]
[BlackElo "2550"]
[PlyCount "60"]
[EventDate "1992.??.??"]
[EventType "swiss"]
[EventRounds "7"]
[EventCountry "HUN"]
[Source "ChessBase"]
[SourceDate "1996.11.15"]
[WhiteTeamCountry "GER"]
[BlackTeamCountry "GER"]

1. Nf3 Nf6 2. g3 c5 3. Bg2 g6 4. O-O Bg7 5. d3 O-O 6. e4 Nc6 7. Nc3 d5 8. exd5
Nxd5 9. Nxd5 Qxd5 10. Re1 Qh5 11. Nd2 Qxd1 12. Rxd1 Nb4 13. c3 Nxd3 14. Nb3 c4
15. Na5 Bg4 16. f3 Be6 17. Nxb7 Rab8 18. f4 Bg4 19. Rd2 e5 20. Nd6 exf4 21.
Nxc4 Nxc1 22. Rxc1 f3 23. Bf1 Bh6 24. Rcd1 Bxd2 25. Rxd2 Rfd8 26. Rxd8+ Rxd8
27. Ne5 h5 28. h3 Be6 29. Nxf3 Rd1 30. Kf2 Bxa2 0-1

[Event "Zalakaros op rap"]
[Site "Zalakaros"]
[Date "1992.??.??"]
[Round "5"]
[White "Horvath, Csaba"]
[Black "Adorjan, Andras"]
[Result "1/2-1/2"]
[WhiteElo "2515"]
[BlackElo "2550"]
[PlyCount "65"]
[EventDate "1992.??.??"]
[EventType "swiss"]
[EventRounds "7"]
[EventCountry "HUN"]
[Source "ChessBase"]
[SourceDate "1996.11.15"]
[WhiteTeamCountry "GER"]
[BlackTeamCountry "GER"]

1. g3 g6 2. Bg2 Bg7 3. d4 c5 4. c3 Qa5 5. Nf3 cxd4 6. Nxd4 Nf6 7. O-O O-O 8.
Nd2 Nc6 9. N2b3 Qa6 10. a4 d6 11. Nb5 Rb8 12. Be3 Bd7 13. h3 Rfc8 14. Nd2 b6
15. Nc4 Be6 16. Nca3 Na5 17. Nd4 Bd5 18. Nf5 gxf5 19. Bxd5 Nxd5 20. Qxd5 Qxe2
21. Nb5 Nc4 22. Qxf5 e6 23. Qg5 Ne5 24. Qf4 Rc4 25. Bd4 Rd8 26. Kg2 a6 27. Rae1
Qh5 28. g4 Nd3 29. Qf3 Nxe1+ 30. Rxe1 Qd5 31. Qxd5 exd5 32. Bxg7 Kxg7 33. Nd4
1/2-1/2

[Event "Manila ol (Men)"]
[Site "Manila"]
[Date "1992.??.??"]
[Round "?"]
[White "Dizdarevic, Emir"]
[Black "Adorjan, Andras"]
[Result "1-0"]
[WhiteElo "2505"]
[BlackElo "2535"]
[PlyCount "123"]
[EventDate "1992.06.08"]
[EventType "swiss ()"]
[EventRounds "14"]
[EventCountry "PHI"]
[Source "ChessBase"]
[SourceDate "1994.03.01"]
[WhiteTeamCountry "GER"]
[BlackTeamCountry "GER"]

1. Nf3 c5 2. e3 g6 3. d4 Nf6 4. dxc5 Qa5+ 5. Nbd2 Bg7 6. a3 Qxc5 7. b4 Qc7 8.
Bb2 b6 9. Be2 Bb7 10. O-O d6 11. c4 Nbd7 12. Qb3 O-O 13. Rac1 Rac8 14. Nd4 a6
15. Rfd1 Rfd8 16. Qa2 Qb8 17. Qa1 Rc7 18. N4b3 Rdc8 19. Bf1 Qa8 20. Bd4 Bc6 21.
a4 a5 22. bxa5 bxa5 23. c5 dxc5 24. Nxc5 Nxc5 25. Rxc5 Nd7 26. Rc4 e5 27. Bc3
Nb6 28. Rc5 Nxa4 29. Rxa5 Nxc3 30. Rxa8 Bxa8 31. Re1 e4 32. Qa5 Bd5 33. g3 Be5
34. Nxe4 Bxe4 35. Qxe5 Rc5 36. Qe7 R5c7 37. Qf6 Rc6 38. Qd4 Rc5 39. Bh3 Bf3 40.
Bf1 Ne4 41. Qb4 Rc2 42. Be2 Ng5 43. Kf1 Bd5 44. Rd1 Ba8 45. Qe7 h6 46. h4 Ne6
47. Bg4 R2c7 48. Qf6 Rc6 49. Rd7 Rc1+ 50. Ke2 R1c2+ 51. Ke1 Rc1+ 52. Rd1 Bd5
53. h5 gxh5 54. Bxh5 Ng7 55. Bg4 Bb3 56. Rxc1 Rxc1+ 57. Kd2 Rc4 58. Qd8+ Kh7
59. Bd1 Bxd1 60. Qd3+ f5 61. Qxc4 Bh5 62. Qc7 1-0

[Event "Rubinstein Memorial"]
[Site "Polanica Zdroj"]
[Date "1992.??.??"]
[Round "2"]
[White "Adorjan, Andras"]
[Black "Cebalo, Miso"]
[Result "1/2-1/2"]
[WhiteElo "2550"]
[BlackElo "2500"]
[PlyCount "29"]
[EventDate "1992.08.??"]
[EventType "tourn"]
[EventRounds "11"]
[EventCountry "POL"]
[EventCategory "12"]
[Source "ChessBase"]
[SourceDate "1992.12.01"]
[WhiteTeamCountry "GER"]
[BlackTeamCountry "GER"]

1. c4 e5 2. Nc3 Nf6 3. Nf3 Nc6 4. g3 d5 5. cxd5 Nxd5 6. Bg2 Nb6 7. O-O Be7 8.
Rb1 a5 9. b3 O-O 10. Bb2 Re8 11. d3 Bf8 12. Nd2 Nd4 13. e3 Nf5 14. Nc4 c6 15.
Qc2 1/2-1/2

[Event "Rubinstein Memorial"]
[Site "Polanica Zdroj"]
[Date "1992.??.??"]
[Round "3"]
[White "Chernin, Alexander"]
[Black "Adorjan, Andras"]
[Result "1-0"]
[WhiteElo "2600"]
[BlackElo "2550"]
[Annotator "Ftacnik,L"]
[PlyCount "69"]
[EventDate "1992.08.??"]
[EventType "tourn"]
[EventRounds "11"]
[EventCountry "POL"]
[EventCategory "12"]
[Source "ChessBase"]
[SourceDate "1992.12.01"]
[WhiteTeamCountry "GER"]
[BlackTeamCountry "GER"]

1. d4 Nf6 2. c4 g6 3. Nc3 d5 4. cxd5 Nxd5 5. e4 Nxc3 6. bxc3 Bg7 7. Nf3 c5 8.
Rb1 O-O 9. Be2 cxd4 10. cxd4 Qa5+ 11. Bd2 Qxa2 12. O-O a5 13. d5 {N} (13. Bg5
a4 14. Bxe7 (14. Bb5 Bd7 15. Bxd7 Nxd7 16. Rxb7 Qe6 17. d5 {
Hebert,J-Kozul,Z/Toronto/1990/} Qd6 $1 18. e5 Bxe5 19. Rxd7 Qxd7 20. Nxe5 Qf5
21. Nf3 f6 $17) (14. Ra1 Qe6 15. e5 h6 16. Be3 Qd7 17. Qd2 Nc6 18. Bb5 Qd5 19.
Bxa4 Bg4 $10 {Chantcev,S-Grechikhin,V/Kemerovo/1991/}) 14... Re8 15. Ra1 Qe6
16. Ba3 Qxe4 17. Re1 Bd7 18. Ne5 {
0,5-0,5/Dorfman,I-Adorjan,A/Polanica Zdroj/1992/}) 13... Na6 (13... a4 $1 14.
Bb4 a3 15. Bxe7 Re8 16. d6 Nc6 (16... Qxb1 17. Qxb1 a2 18. Qd3 a1=Q 19. Rxa1
Rxa1+ 20. Bf1 $13 b6 21. Nd2 $1) 17. Bg5 Rxe4 18. Bd3 Re6 $1 $17 {Kozul,Z}) 14.
Be3 e6 (14... a4 15. Nd4 {/\ Ra1}) 15. d6 Bd7 16. Bb5 (16. Rxb7 Ba4 17. Qe1 Nb4
$132) 16... Bxb5 (16... Bc6 17. Nd4 Bxe4 18. Ra1 Qb2 19. Rxa5 $36) 17. Rxb5 Qc4
18. Qb1 $1 (18. Rxb7 Qxe4 $13) 18... Nb4 19. Rxb7 Na2 (19... Rfb8 20. Rxb8+
Rxb8 21. Rd1) 20. Rc7 Qa4 (20... Qe2 $2 21. Rc2 $18) 21. e5 Nb4 (21... Rfb8 22.
Qa1 $36) 22. Qe4 Qa2 23. h4 Nd5 (23... Qd5 24. Qb1 Rfb8 25. Rd1 $16) 24. Rc2
Qb3 25. Nd4 Qa4 26. Rfc1 Rab8 (26... Nxe3 27. Qxe3 Rab8 28. Nc6 $16) 27. Rc4
Rb4 (27... Qd7 28. Nc6 $16) 28. Nc6 Qxc6 (28... Rxc4 29. Qxc4 $18) 29. Rxb4
Qxc1+ 30. Bxc1 axb4 31. Bb2 Rb8 (31... Rc8 32. Qd3 Bf8 33. Qa6 Rc2 34. d7 Be7
35. Qc8+ $18) 32. Qd4 Bf8 33. Qa7 Rc8 34. Qb7 Rd8 35. Bd4 {Ftacnik,L} 1-0

[Event "Rubinstein Memorial"]
[Site "Polanica Zdroj"]
[Date "1992.??.??"]
[Round "4"]
[White "Cifuentes Parada, Roberto"]
[Black "Adorjan, Andras"]
[Result "1/2-1/2"]
[WhiteElo "2490"]
[BlackElo "2550"]
[PlyCount "22"]
[EventDate "1992.08.??"]
[EventType "tourn"]
[EventRounds "11"]
[EventCountry "POL"]
[EventCategory "12"]
[Source "ChessBase"]
[SourceDate "1992.12.01"]
[WhiteTeamCountry "GER"]
[BlackTeamCountry "GER"]

1. d4 Nf6 2. Nf3 e6 3. Bg5 c5 4. e3 Be7 5. dxc5 O-O 6. Be2 Na6 7. c4 Nxc5 8.
Nc3 b6 9. O-O Bb7 10. Qc2 Nfe4 11. Bxe7 Qxe7 1/2-1/2

[Event "Rubinstein Memorial"]
[Site "Polanica Zdroj"]
[Date "1992.??.??"]
[Round "5"]
[White "Adorjan, Andras"]
[Black "Flear, Glenn C"]
[Result "1-0"]
[WhiteElo "2550"]
[BlackElo "2505"]
[Annotator "Ftacnik,L"]
[PlyCount "65"]
[EventDate "1992.08.??"]
[EventType "tourn"]
[EventRounds "11"]
[EventCountry "POL"]
[EventCategory "12"]
[Source "ChessBase"]
[SourceDate "1992.12.01"]
[WhiteTeamCountry "GER"]
[BlackTeamCountry "GER"]

1. c4 e6 2. Nc3 d5 3. d4 c6 4. e3 Nf6 5. Nf3 Nbd7 6. Qc2 Bd6 7. Be2 O-O 8. O-O
dxc4 9. Bxc4 b5 10. Be2 Bb7 11. Rd1 Qc7 12. Bd2 Rae8 {N} (12... a6 13. b4 a5
14. Rac1 Rfc8 15. Qb3 Bxb4 16. Nxb5 Qb8 17. Nc3 c5 $10 {
Ftacnik,L-Piket,Je/Groningen/1988/}) 13. Rac1 Qb8 (13... a6 14. b4 $5 $14) 14.
Bd3 a6 (14... e5 15. e4 (15. Ng5 h6 16. Nge4 exd4 17. exd4 Be7 $14) 15... h6)
15. Ne4 Nxe4 (15... Be7 16. b4 $14) 16. Bxe4 f5 $2 (16... Nf6 $1 17. Bxc6 $140
$2 Rc8 18. d5 Nxd5 19. Nd4 Ne7 $19) 17. Bxc6 $1 Rc8 18. d5 Nf6 (18... exd5 19.
Qb3 Rxc6 20. Qxd5+ Kh8 21. Rxc6 $16) 19. Qd3 Nxd5 (19... exd5 20. Bxb7 Qxb7 21.
Qxf5 $18) 20. Bd7 Rcd8 (20... Rxc1 21. Bxe6+ Kh8 22. Bxc1 $1 $18) 21. Bxe6+ Kh8
22. Qb3 Nc7 23. Bc3 Nxe6 24. Qxe6 Bxf3 25. gxf3 b4 26. Bd4 Bxh2+ 27. Kh1 Rd6 (
27... Qd6 28. Bxg7+ Kxg7 29. Rxd6 $18) 28. Qe7 Rg6 29. Rc6 $1 Re8 (29... Bd6
30. Rxd6 Qxd6 31. Bxg7+ Rxg7 32. Qxd6 $18) 30. Qd7 Be5 31. Rxg6 hxg6 32. Kg2
Bxd4 (32... Kg8 33. Qd5+ Kf8 34. Bc5+ $18) 33. Qf7 {Ftacnik,L} 1-0

[Event "Rubinstein Memorial"]
[Site "Polanica Zdroj"]
[Date "1992.??.??"]
[Round "7"]
[White "Adorjan, Andras"]
[Black "Romanishin, Oleg"]
[Result "1/2-1/2"]
[WhiteElo "2550"]
[BlackElo "2555"]
[Annotator "Ribli"]
[PlyCount "28"]
[EventDate "1992.08.??"]
[EventType "tourn"]
[EventRounds "11"]
[EventCountry "POL"]
[EventCategory "12"]
[Source "ChessBase"]
[SourceDate "1992.12.01"]
[WhiteTeamCountry "GER"]
[BlackTeamCountry "GER"]

1. c4 e6 2. Nf3 Nf6 3. Nc3 Bb4 4. g3 O-O 5. Bg2 d5 6. a3 Bxc3 $5 7. dxc3 (7.
bxc3 c5 8. O-O Nc6 9. cxd5 exd5 10. d3 h6 11. Qc2 Re8 12. h3 b6 13. Re1 Bb7 $10
{Mikhalchishin,A-Kohlweyer,B  Groningen op 1990  CBM/22}) 7... Nbd7 8. cxd5 (8.
O-O dxc4 $15) 8... exd5 9. O-O Re8 $5 (9... c6 10. Qc2 Nb6 11. a4 Re8 12. b3 (
12. Bf4 $5) 12... Bg4 13. a5 Nbd7 14. a6 $14 {
Adorjan,A-Romanishin,O  Polanica Zdroj 1991  CBM/26  54/(16)}) 10. Qc2 (10. Bf4
$5 c6 11. Qc2 Nb6 12. a4 Nc4 13. Nd4 Bg4 14. b3 Nd6 15. Rfe1 Bh5 16. Rad1 Bg6
17. Qc1 Nde4 18. f3 Nc5 19. Be3 Qe7 20. Bf2 Ne6 21. c4 $14 {
Eingorn-Popovic  Bor 1985  40/26}) 10... Nc5 $1 11. Bg5 Nce4 12. Bxf6 Nxf6 13.
c4 dxc4 14. Qxc4 c6 1/2-1/2

[Event "Rubinstein Memorial"]
[Site "Polanica Zdroj"]
[Date "1992.??.??"]
[Round "8"]
[White "Mainka, Romuald"]
[Black "Adorjan, Andras"]
[Result "0-1"]
[WhiteElo "2550"]
[BlackElo "2550"]
[Annotator "Boensch,U"]
[PlyCount "76"]
[EventDate "1992.08.??"]
[EventType "tourn"]
[EventRounds "11"]
[EventCountry "POL"]
[EventCategory "12"]
[Source "ChessBase"]
[SourceDate "1992.12.01"]
[WhiteTeamCountry "GER"]
[BlackTeamCountry "GER"]

1. e4 c5 2. Nf3 e6 3. d4 cxd4 4. Nxd4 Nf6 5. Nc3 d6 6. Be2 Be7 7. O-O O-O 8.
Be3 a6 9. a4 Nc6 10. f4 Qc7 11. Kh1 Re8 12. Bg1 Rb8 (12... Bd7 {
Mainka,R-Chuchelov,V Porz (3) 1-0 32 -CBM 31}) 13. Qd3 e5 (13... Bd7 $146 14.
Qg3 Rec8 15. Rae1 Be8 16. Bd3 g6 17. f5 Nxd4 18. Bxd4 e5 19. fxg6 hxg6 20. Rxf6
Bxf6 21. Nd5 Qd8 22. Bb6 $18 {
Glek,I-Lingnau,C Dortmund op-A (02) 1992 1-0 27 -CBM29}) 14. fxe5 $6 (14. Nb3
exf4 15. a5 g5 $5 $13 {-ECO}) 14... dxe5 15. Nf5 Bxf5 16. Rxf5 Nd4 $1 17. Bxd4
exd4 {^^} 18. Qxd4 Bd6 19. Raf1 (19. Rxf6 Be5 20. Nd5 (20. Qb6 gxf6 $17) 20...
Qd8 $17) 19... Be5 (19... Bxh2 $2 20. Nd5 Nxd5 21. Rxf7 Qe5 (21... Qxf7 $2 22.
Rxf7 Kxf7 23. Qxd5+ $18) 22. Qxe5 Bxe5 23. Bc4 $16) 20. Qd3 Bxc3 $15 21. bxc3
Re7 22. R5f4 Rbe8 23. Qc4 Qxc4 24. Bxc4 Rc8 $1 $17 (24... Rxe4 25. Kg1 $15) 25.
Bb3 Rxc3 26. Rd1 Rc8 27. Rd4 Rce8 28. Bd5 (28. Kg1 Rxe4 29. Rfxe4 Rxe4 30. Rd8+
Re8 $19) 28... Nxd5 29. Rxd5 g6 30. Kg1 $6 (30. Rd4 f5 31. Kg1 $17) 30... Rc8
$1 $19 31. e5 (31. Rd2 Rc4 $19) 31... Rxc2 32. h3 (32. Re4 $5) 32... Re2 33.
Rb4 R2xe5 34. Rxe5 Rxe5 35. Rxb7 Re4 36. a5 Re5 37. g4 Rxa5 38. Rc7 Ra2 {
Boensch} 0-1

[Event "Rubinstein Memorial"]
[Site "Polanica Zdroj"]
[Date "1992.??.??"]
[Round "10"]
[White "Kaminski, Marcin"]
[Black "Adorjan, Andras"]
[Result "1/2-1/2"]
[WhiteElo "2440"]
[BlackElo "2550"]
[PlyCount "50"]
[EventDate "1992.08.??"]
[EventType "tourn"]
[EventRounds "11"]
[EventCountry "POL"]
[EventCategory "12"]
[Source "ChessBase"]
[SourceDate "1992.12.01"]
[WhiteTeamCountry "GER"]
[BlackTeamCountry "GER"]

1. e4 c5 2. Nf3 e6 3. d4 cxd4 4. Nxd4 Nf6 5. Nc3 d6 6. Be2 Be7 7. O-O O-O 8.
Be3 a6 9. f4 Qc7 10. Bf3 Nc6 11. Nxc6 bxc6 12. Na4 Bb7 13. c4 c5 14. Nc3 Nd7
15. Qd2 Nb8 16. Rad1 Nc6 17. Qf2 Rac8 18. Kh1 Rfd8 19. b3 Ba8 20. Bh5 Nd4 21.
Bxd4 cxd4 22. Qxd4 Qa5 23. e5 d5 24. Na4 dxc4 25. Qb6 Qb5 1/2-1/2

[Event "Rubinstein Memorial"]
[Site "Polanica Zdroj"]
[Date "1992.??.??"]
[Round "11"]
[White "Adorjan, Andras"]
[Black "Korchnoi, Viktor"]
[Result "1/2-1/2"]
[WhiteElo "2550"]
[BlackElo "2575"]
[Annotator "Schussler"]
[PlyCount "35"]
[EventDate "1992.08.??"]
[EventType "tourn"]
[EventRounds "11"]
[EventCountry "POL"]
[EventCategory "12"]
[Source "ChessBase"]
[SourceDate "1992.12.01"]
[WhiteTeamCountry "GER"]
[BlackTeamCountry "GER"]

1. Nf3 Nf6 2. c4 e6 3. d4 Bb4+ 4. Bd2 Qe7 (4... Bxd2+ 5. Qxd2 d5 6. g3 O-O 7.
Bg2 Nbd7 8. Qc2 c6 9. O-O b5 $5 {New.} 10. cxd5 {10.Qc3 Qe7 is unclear.} cxd5
11. Nbd2 Bb7 12. a4 $6 b4 $13 {
Kiselev,S-Sifrer,D, Ljubljana Iskra 1992 CBM 31 game 491.}) 5. g3 O-O 6. Bg2
Bxd2+ 7. Qxd2 d5 8. O-O Rd8 9. Qc2 (9. Rc1 Nc6 10. Ne5 Bd7 11. Qf4 Be8 12. Nd2
a5 $14 {
Polgar,Zsu-Dzindzichashvili,R, New York, Reshevsky (2), 1992 CBM 31 game 609.})
9... Nc6 $5 10. Rd1 Bd7 11. Nbd2 Nb4 $1 12. Qb3 c5 13. cxd5 cxd4 14. Nxd4 Nfxd5
15. a3 Nc6 $10 16. Nc4 Rab8 17. Nxc6 Bxc6 18. Ne3 (18. Ne5 Qf6) 1/2-1/2

[Event "Budapest ExpFS"]
[Site "Budapest"]
[Date "1992.??.??"]
[Round "?"]
[White "Adorjan, Andras"]
[Black "Csom, Istvan"]
[Result "1/2-1/2"]
[WhiteElo "2550"]
[BlackElo "2540"]
[PlyCount "36"]
[EventDate "1992.09.??"]
[EventType "tourn"]
[EventRounds "10"]
[EventCountry "HUN"]
[EventCategory "11"]
[Source "ChessBase"]
[SourceDate "1996.11.15"]
[WhiteTeamCountry "GER"]
[BlackTeamCountry "GER"]

1. c4 Nf6 2. Nf3 g6 3. g3 Bg7 4. Bg2 O-O 5. Nc3 c6 6. d4 d5 7. cxd5 cxd5 8. Ne5
e6 9. O-O Nfd7 10. Nf3 Nc6 11. Bf4 Nf6 12. Ne5 Bd7 13. Nxc6 Bxc6 14. Be5 Nd7
15. Bxg7 Kxg7 16. Qd2 Nf6 17. Qf4 Qb8 18. Qxb8 Raxb8 1/2-1/2

[Event "Budapest ExpFS"]
[Site "Budapest"]
[Date "1992.??.??"]
[Round "?"]
[White "Adorjan, Andras"]
[Black "Ye Jiangchuan"]
[Result "1/2-1/2"]
[WhiteElo "2550"]
[BlackElo "2545"]
[PlyCount "29"]
[EventDate "1992.09.??"]
[EventType "tourn"]
[EventRounds "10"]
[EventCountry "HUN"]
[EventCategory "11"]
[Source "ChessBase"]
[SourceDate "1996.11.15"]
[WhiteTeamCountry "GER"]
[BlackTeamCountry "GER"]

1. d4 Nf6 2. Nf3 g6 3. c4 Bg7 4. g3 O-O 5. Bg2 d5 6. O-O dxc4 7. Na3 c3 8. bxc3
c5 9. e3 Nc6 10. Bb2 e5 11. Nc4 exd4 12. cxd4 cxd4 13. Nxd4 Nxd4 14. Bxd4 Be6
15. Qa4 1/2-1/2

[Event "Budapest ExpFS"]
[Site "Budapest"]
[Date "1992.??.??"]
[Round "?"]
[White "Csom, Istvan"]
[Black "Adorjan, Andras"]
[Result "1/2-1/2"]
[WhiteElo "2540"]
[BlackElo "2550"]
[PlyCount "33"]
[EventDate "1992.09.??"]
[EventType "tourn"]
[EventRounds "10"]
[EventCountry "HUN"]
[EventCategory "11"]
[Source "ChessBase"]
[SourceDate "1996.11.15"]
[WhiteTeamCountry "GER"]
[BlackTeamCountry "GER"]

1. d4 Nf6 2. c4 e6 3. Nf3 b6 4. g3 Ba6 5. b3 Bb4+ 6. Bd2 Bxd2+ 7. Qxd2 O-O 8.
Bg2 c6 9. O-O d5 10. Qb4 Bb7 11. Nc3 c5 12. dxc5 Na6 13. Qa3 Nxc5 14. cxd5 Nxd5
15. Nxd5 Bxd5 16. Rac1 Qe7 17. Qb2 1/2-1/2

[Event "Budapest ExpFS"]
[Site "Budapest"]
[Date "1992.??.??"]
[Round "?"]
[White "Varga, Zoltan"]
[Black "Adorjan, Andras"]
[Result "1/2-1/2"]
[WhiteElo "2480"]
[BlackElo "2550"]
[PlyCount "60"]
[EventDate "1992.09.??"]
[EventType "tourn"]
[EventRounds "10"]
[EventCountry "HUN"]
[EventCategory "11"]
[Source "ChessBase"]
[SourceDate "1996.11.15"]
[WhiteTeamCountry "GER"]
[BlackTeamCountry "GER"]

1. d4 Nf6 2. c4 g6 3. f3 d5 4. cxd5 Nxd5 5. e4 Nb6 6. Nc3 Bg7 7. Be3 O-O 8. Qd2
Nc6 9. O-O-O e5 10. d5 Nd4 11. Nb5 c5 12. dxc6 Be6 13. Nxd4 exd4 14. Bxd4 Bxd4
15. Qxd4 Qg5+ 16. Qd2 Qf6 17. Qd4 Qg5+ 18. Qd2 Qf6 19. Qc3 Qxc3+ 20. bxc3 bxc6
21. Ne2 Bxa2 22. Nd4 Rfc8 23. Ba6 Rc7 24. Kc2 Bc4 25. Ra1 Rd8 26. Rhb1 c5 27.
Nb3 Rcd7 28. Bxc4 Nxc4 29. Nxc5 Ne3+ 30. Kb3 Rd6 1/2-1/2

[Event "Budapest ExpFS"]
[Site "Budapest"]
[Date "1992.??.??"]
[Round "?"]
[White "Ye Jiangchuan"]
[Black "Adorjan, Andras"]
[Result "1/2-1/2"]
[WhiteElo "2545"]
[BlackElo "2550"]
[PlyCount "29"]
[EventDate "1992.09.??"]
[EventType "tourn"]
[EventRounds "10"]
[EventCountry "HUN"]
[EventCategory "11"]
[Source "ChessBase"]
[SourceDate "1996.11.15"]
[WhiteTeamCountry "GER"]
[BlackTeamCountry "GER"]

1. e4 c6 2. d4 d5 3. Nd2 dxe4 4. Nxe4 Nd7 5. Bc4 Ngf6 6. Ng5 e6 7. Qe2 Nb6 8.
Bb3 h6 9. N5f3 c5 10. Bf4 Nbd5 11. Be5 Qa5+ 12. Nd2 b5 13. dxc5 Bxc5 14. Ngf3
O-O 15. O-O 1/2-1/2

[Event "EU-chT (Men) 10th"]
[Site "Debrecen"]
[Date "1992.11.??"]
[Round "2.3"]
[White "Adorjan, Andras"]
[Black "Cebalo, Miso"]
[Result "1/2-1/2"]
[WhiteElo "2535"]
[BlackElo "2515"]
[PlyCount "31"]
[EventDate "1992.11.20"]
[EventType "swiss ()"]
[EventRounds "9"]
[EventCountry "HUN"]
[Source "ChessBase"]
[SourceDate "1999.07.01"]
[WhiteTeam "Hungary"]
[BlackTeam "Croatia"]
[WhiteTeamCountry "HUN"]
[BlackTeamCountry "CRO"]

1. Nf3 d6 2. c4 e5 3. Nc3 f5 4. g3 g6 5. d4 e4 6. Ng5 Bg7 7. Bg2 Nf6 8. O-O O-O
9. f3 exf3 10. exf3 h6 11. Nh3 Be6 12. Qb3 Qc8 13. Rd1 Bf7 14. Be3 Re8 15. Bf2
Nbd7 16. Rac1 1/2-1/2

[Event "EU-chT (Men) 10th"]
[Site "Debrecen"]
[Date "1992.11.??"]
[Round "3.2"]
[White "Adorjan, Andras"]
[Black "Kupreichik, Viktor"]
[Result "1/2-1/2"]
[WhiteElo "2535"]
[BlackElo "2545"]
[PlyCount "28"]
[EventDate "1992.11.20"]
[EventType "swiss ()"]
[EventRounds "9"]
[EventCountry "HUN"]
[Source "ChessBase"]
[SourceDate "1999.07.01"]
[WhiteTeam "Hungary"]
[BlackTeam "Belarus"]
[WhiteTeamCountry "HUN"]
[BlackTeamCountry "BLR"]

1. Nf3 Nf6 2. c4 g6 3. d4 Bg7 4. g3 O-O 5. Bg2 d6 6. O-O Nc6 7. Nc3 e5 8. dxe5
dxe5 9. Bg5 Be6 10. Nd5 Bxd5 11. Bxf6 Bxf6 12. cxd5 Ne7 13. e4 c6 14. dxc6 Nxc6
1/2-1/2